Statistics for Counties of Romania - Map Quiz

Click here to take the quiz!

General Stats

  • This quiz has been taken 277 times
    (274 since last reset)
  • The average score is 20 of 41

Answers on the Map

Answers color-coded by a green-red scale on the quiz's map according to % correct below.
 

Answer Stats

Answer% Correct
Constanța
71%
Iași
69%
Brașov
64%
Arad
62%
Tulcea
59%
Alba
56%
Ilfov
56%
Suceava
56%
Botoșani
55%
Galați
54%
Satu Mare
54%
Bihor
53%
Cluj
53%
Maramureș
52%
Timiș
49%
Brăila
48%
Giurgiu
48%
Teleorman
48%
Harghita
47%
Ialomița
47%
Vaslui
47%
Călărași
45%
Caraș-Severin
45%
Covasna
45%
Hunedoara
45%
Olt
44%
Argeș
43%
Bacău
42%
Bistrița- Năsăud
42%
Gorj
42%
Neamț
42%
Prahova
42%
Sălaj
42%
Sibiu
42%
Dolj
41%
Mehedinți
41%
Mureș
41%
Buzău
38%
Dâmbovița
37%
Vâlcea
36%
Vrancea
33%

Score Distribution

Percentile by Number Answered

Percent of People with Each Score

Your Score History

You have not taken this quiz since the last reset